Honran a un simple palabrero /

Sin resumen

Kaydedildi:
Detaylı Bibliyografya
Yazar: Gutiérrez Mangel, Joaquín
Materyal Türü: Metin
Konular:
Etiketler: Etiketle
Etiket eklenmemiş, İlk siz ekleyin!

MARC

LEADER 00000 a a2200000 04500
001 13447
003
040
100 |a Gutiérrez Mangel, Joaquín  
245 |a Honran a un simple palabrero /  |c Joaquín Gutiérrez Mangel 
520 |a Sin resumen  
650 |a BIOGRAFIAS  
650 |a VALORES CULTURALES  
773 |g número 4; páginas 11-13  
999 |c 26090  |d 26090